¿Televisión o prisión electrónica? / (Record no. 49931)

MARC details
000 -LEADER
campo de control de longitud fija 00516nam a2200181 i 4500
001 - NÚMERO DE CONTROL
campo de control 49931
003 - IDENTIFICADOR DE NÚMERO DE CONTROL
campo de control ES-MaACL
007 - CAMPO FIJO DE DESCRIPCIÓN FÍSICA--INFORMACIÓN GENERAL
campo de control de longitud fija t|
008 - DATOS DE LONGITUD FIJA--INFORMACIÓN GENERAL
campo de control de longitud fija 030725s1974 mx ||||1| spa d
100 1# - ENTRADA PRINCIPAL--NOMBRE DE PERSONA
Nombre de persona Cremoux, Raul.
9 (RLIN) 41496
245 10 - MENCIÓN DEL TÍTULO
Título ¿Televisión o prisión electrónica? /
Mención de responsabilidad, etc. Raul Cremoux.
250 ## - MENCION DE EDICION
Mención de edición [1ª ed.].
260 ## - PUBLICACIÓN, DISTRIBUCIÓN, ETC.
Lugar de publicación, distribución, etc. [México] :
Nombre del editor, distribuidor, etc. Fondo de Cultura Económica,
Fecha de publicación, distribución, etc. [1974]
490 1# - MENCIÓN DE SERIE
Mención de serie Archivo del fondo
830 0# - PUNTO DE ACCESO ADICIONAL DE SERIE-TÍTULO UNIFORME
Título uniforme Archivo del fondo
9 (RLIN) 186777
852 ## - LOCALIZACIÓN
Ubicación ES-MaACL
Número de control de estantería E-7400
Sublocalización o colección R.91356
Holdings
Estatus retirado Estado de pérdida Estado de daño No para préstamo Biblioteca de origen Biblioteca actual Ubicación en estantería Fecha de adquisición Fuente de adquisición Total de préstamos Signatura topográfica completa Código de barras Visto por última vez Precio de reemplazo Tipo de ítem Koha
        Biblioteca del Ateneo de Madrid Biblioteca del Ateneo de Madrid Depósito 2 17/01/2008     E-7400 1052529 23/02/2023 23/02/2023 Libro impreso